000 01005nam a2200265 i 4500
001 bg
003 KOSZ 005
005 20190927102136.0
008 080811s1964 pl a f 001 0 pol
015 _aPB 1964/9156
040 _aWA N
_cKOSZ 005/RW
_dKOSZ 005/RW
080 _a538
100 1 _aSzulkin, Paweł
_d(1911-1987).
245 1 0 _aPodstawy teorii pola elektromagnetycznego /
_cPaweł Szulkin, Seweryn Pogorzelski.
260 _aWarszawa :
_bWydawnictwa Naukowo-Techniczne,
_c1964.
300 _a450, [1] s. :
_bil. ;
_c25 cm.
380 _aKsiążki.
504 _aIndeks.
521 8 _aDla zaawansowanych studentów wydziału fizyki, łączności oraz pracowników badań i doktorantów.
650 4 _aPole elektromagnetyczne
700 1 _aPogorzelski, Seweryn
_d(1920-1999).
710 2 _aWydawnictwa Naukowo-Techniczne
_4pbl.
856 _uhttp://koha.tu.koszalin.pl/cgi-bin/koha/opac-detail.pl?biblionumber=10827
_yKatalog online BPK
942 _2UKD
_cKS
999 _c10827
_d10827